Tratado de botánica / (Registro nro. 146369)

Detalles MARC
000 -LEADER
campo de control de longitud fija 00822nam a2200229 i 4500
001 - NÚMERO DE CONTROL
campo de control 146369
003 - IDENTIFICADOR DE NÚMERO DE CONTROL
campo de control ES-MaACL
005 - FECHA Y HORA DE LA ÚLTIMA TRANSACCIÓN
campo de control 20250814015824.0
007 - CAMPO FIJO DE DESCRIPCIÓN FÍSICA--INFORMACIÓN GENERAL
campo de control de longitud fija t|
008 - DATOS DE LONGITUD FIJA--INFORMACIÓN GENERAL
campo de control de longitud fija 070907s1960 sp ||||1| spa d
080 ## - NÚMERO DE LA CLASIFICACIÓN DECIMAL UNIVERSAL
Número de la Clasificación Decimal Universal 58
245 00 - MENCIÓN DEL TÍTULO
Título Tratado de botánica /
Mención de responsabilidad, etc. redactado inicialmente por E. Strasburger... [et al.] ; refundido por los doctores Richard Harder, Franz Firbas y Walter Schumacher.
250 ## - MENCION DE EDICION
Mención de edición 5ª ed. /
Resto de la mención de edición trad. de la 27ª ed. alemana por el Dr. Oriol de Bolós.
260 ## - PUBLICACIÓN, DISTRIBUCIÓN, ETC.
Lugar de publicación, distribución, etc. Barcelona :
Nombre del editor, distribuidor, etc. Manuel Marín,
Fecha de publicación, distribución, etc. [1960]
300 ## - DESCRIPCIÓN FÍSICA
Extensión XV, 651 p., 1 h. de mapa col. pleg. :
Otras características físicas il. ;
Dimensiones 25 cm.
650 #7 - PUNTO DE ACCESO ADICIONAL DE MATERIA--TÉRMINO DE MATERIA
Término de materia o nombre geográfico como elemento de entrada Botánica
Fuente del encabezamiento o término embne
9 (RLIN) 10610
700 1# - ENTRADA AGREGADA--NOMBRE PERSONAL
Nombre de persona Strasburger, E.
9 (RLIN) 108375
700 1# - ENTRADA AGREGADA--NOMBRE PERSONAL
Nombre de persona Harder, Richard.
9 (RLIN) 61812
700 1# - ENTRADA AGREGADA--NOMBRE PERSONAL
Nombre de persona Bolòs, Oriol de.
9 (RLIN) 30002
852 4# - LOCALIZACIÓN
Ubicación ES-MaACL
Número de control de estantería B-4661
Existencias
Estatus retirado Estado de pérdida Estado de daño No para préstamo Biblioteca de origen Biblioteca actual Ubicación en estantería Fecha de adquisición Fuente de adquisición Total de préstamos Signatura topográfica completa Código de barras Visto por última vez Precio de reemplazo Tipo de ítem Koha
        Biblioteca del Ateneo de Madrid Biblioteca del Ateneo de Madrid Sala Pardo Bazán 17/01/2008     B-4661 1152771 23/02/2023 23/02/2023 Libro impreso